La Educación no formal /
Guardat en:
| Autor principal: | |
|---|---|
| Format: | Llibre |
| Idioma: | espanyol |
| Publicat: |
México :
CEAC,
1992
|
| Col·lecció: | (Pedagogía Social)
|
| Matèries: | |
| Etiquetes: |
Sense etiquetes, Sigues el primer a etiquetar aquest registre!
|
MARC
| LEADER | 00000nam^a2200000^a^4500 | ||
|---|---|---|---|
| 001 | 000042092 | ||
| 005 | 20250521000000.0 | ||
| 009 | 20260310085723.83 | ||
| 020 | |a 84-329-9359-X | ||
| 037 | |a Acervo ITESO - Biblioteca | ||
| 041 | |a ESP | ||
| 082 | |a 370. 197 |b SAR | ||
| 100 | |a Sarramona López, Jaime |e (ed.) | ||
| 245 | 1 | 3 | |a La Educación no formal / |c J. Sarramona (ed.). |
| 264 | 1 | |a México : |b CEAC, |c 1992 | |
| 300 | |a 125 p. | ||
| 336 | |a texto |b txt |2 rdacontenido | ||
| 337 | |a sin mediación |b n |2 rdamedio | ||
| 338 | |a volumen |b nc |2 rdasoporte | ||
| 440 | 1 | |a (Pedagogía Social) | |
| 649 | |a XX | ||
| 650 | |a Planeación Educativa | ||
| 650 | |a Educación No Formal e Informal | ||
| 650 | |a Evaluación Educativa | ||
| 650 | |a Metodología Educativa | ||
| 910 | |a Fondo General | ||
| 920 | |a Impresos - Libros | ||
| 930 | |a Colección General | ||
| 905 | |a 101 | ||
| 901 | |a 0420920200 |b IT1 |c ACC |i 911323 |u 20250521 | ||
| 902 | |a https://opac.biblio.iteso.mx/vufind/Record/000042092 | ||